NHL Points Leaders 2019-2020 Season - Statistics

General Stats
  • This quiz has been taken 188 times
  • The average score is 23 of 25
Answer Stats
Points Team Player % Correct
97 Edmonton Oilers Connor McDavid
100%
67 Washington Capitals Alexander Ovechkin
99%
80 Toronto Maple Leafs Auston Matthews
99%
110 Edmonton Oilers Leon Draisaitl
99%
84 Chicago Blackhawks Patrick Kane
99%
87 Boston Bruins Brad Marchand
98%
93 Colorado Avalanche Nathan MacKinnon
98%
85 Tampa Bay Lightning Nikita Kucherov
98%
95 New York Rangers Artemi Panarin
97%
95 Boston Bruins David Pastrnak
95%
74 Pittsburgh Penguins Evgeni Malkin
95%
78 Buffalo Sabres Jack Eichel
93%
78 Florida Panthers Jonathan Huberdeau
92%
67 Toronto Maple Leafs Mitch Marner
92%
66 Carolina Hurricanes Sebastian Aho
92%
66 Vancouver Canucks Elias Pettersson
90%
66 Tampa Bay Lightning Steven Stamkos
90%
65 Winnipeg Jets Blake Wheeler
84%
75 Washington Capitals John Carlson
84%
73 Winnipeg Jets Mark Scheifele
84%
75 New York Rangers Mika Zibanejad
84%
65 Nashville Predators Roman Josi
84%
73 Winnipeg Jets Kyle Connor
82%
72 Vancouver Canucks J.T. Miller
72%
66 Vegas Golden Knights Max Pacioretty
57%
No matching quizzes found
Score Distribution
Percent of People with Each Score
Percentile by Number Answered
Your Score History
You have not taken this quiz